Alternative land use. (Record no. 61017)

MARC details
000 -LEADER
fixed length control field 00607cam a2200145 4500
001 - CONTROL NUMBER
control field ABS61288
008 - FIXED-LENGTH DATA ELEMENTS--GENERAL INFORMATION
fixed length control field 000000n1999 000 0 eng u
035 ## - SYSTEM CONTROL NUMBER
System control number (Sirsi) u101919
245 ## - TITLE STATEMENT
Title Alternative land use.
260 ## - PUBLICATION, DISTRIBUTION, ETC.
Date of publication, distribution, etc. 1999
490 ## - SERIES STATEMENT
Series statement Farm Development Review
Volume/sequential designation 13(6) April 1999 (8)(LOAN)
520 ## - SUMMARY, ETC.
Summary, etc. Includes articles on the Rural Property Database which matches business space on farms with the needs of local businesses; zoo standards policy; the Association of Farmers Markets which was launched on 5 July 1999; and the marketing of farm enterprises.
690 ## - LOCAL SUBJECT ADDED ENTRY--TOPICAL TERM (OCLC, RLIN)
Topical term or geographic name as entry element RURAL PRACTICE
942 ## - ADDED ENTRY ELEMENTS (KOHA)
Suppress in OPAC 0
Holdings
Withdrawn status Lost status Source of classification or shelving scheme Damaged status Not for loan Home library Current library Shelving location Date acquired Total Checkouts Full call number Barcode Date last seen Copy number Price effective from Koha item type Date last checked out
    Dewey Decimal Classification     London London Journal article 12/11/1999   ABS61288 101919-1001 06/08/2019 1 06/08/2019 Journal article  
    Dewey Decimal Classification     London London Journal article 17/02/2000 2 ABS61288 30060525 06/08/2019 2 06/08/2019 Journal article 07/03/2000